000 00463nam a2200157 4500
005 20260204124815.0
008 260204b |||||||| |||| 00| 0 eng d
020 _a9789966047274
050 _aHJ141
_b.N48 2021
100 _aNettoh, Job
245 _aPublic finance and taxation:
_b study kit
260 _aNairobi, Kenya
_bStrathmore, University Press
_c2021
300 _a205 p.:
_c28 cm.
650 _aFinance, Public
_vStudy guide
_xTaxation
942 _2lcc
_cBK
999 _c60134
_d60134